Statistics for Most Streamed Ed Sheeran Songs

Click here to take the quiz!

General Stats

  • This quiz has been taken 24 times
  • The average score is 6 of 10

Answer Stats

#StreamsAnswer% Correct
13.79BShape of You
100%
22.83BPerfect
90%
32.43BPhotograph
71%
61.69BBad Habits
67%
42.43BThinking out Loud
62%
91.29BCastle on the Hill
57%
71.48BShivers
52%
51.77BI Don't Care
38%
101.29BHappier
29%
81.36BBeautiful People
14%

Score Distribution

Percentile by Number Answered

Percent of People with Each Score

Your Score History

You have not taken this quiz